| 000 | 01018cam a22002651i 4500 | ||
|---|---|---|---|
| 003 | SA-RiAUC | ||
| 005 | 20250322120655.0 | ||
| 008 | 250320s1981 su f 00010 ara c | ||
| 040 |
_aSA-JeOIC _bara _cSA-RiAUC. _erda |
||
| 043 | _aa-su--- | ||
| 082 | 0 | 4 |
_a320.9531 _qSA-RiAUC |
| 090 |
_a320.9531 _b د ح ل |
||
| 100 | 1 |
_aدحلان، أحمد حسن أحمد _eمؤلف. |
|
| 245 | 1 | 0 |
_aدراسة في السياسة الداخلية للمملكة العربية السعودية / _cأحمد حسن أحمد دحلان. |
| 250 | _aالطبعة الأولى. | ||
| 264 | 1 |
_aجدة، السعودية : _bدار الشروق، _c1981 |
|
| 300 |
_a243 صفحة ؛ _c24 سم |
||
| 336 |
_aنص _btxt _2rdacontent _3كتاب |
||
| 337 |
_aبدون وسيط _bn _2rdamedia |
||
| 338 |
_aمجلد _bnc _2rdacarrier |
||
| 650 | 7 |
_aنظم الحكم _zالسعودية _2aucsh |
|
| 651 | 7 |
_aالسعودية _xسياسة وحكومة _2aucsh |
|
| 942 |
_2ddc _cBOOK _n0 |
||
| 949 |
_aSA-JeALM _d250320 _umohamedma123 _n1 |
||
| 999 |
_c6554 _d6554 |
||